| 000 | 00534nam a22001697a 4500 | ||
|---|---|---|---|
| 003 | NUST | ||
| 038 | _aNusrat Nadeem | ||
| 082 | _a200 | ||
| 100 |
_aAkkas, Arisha Saeed _997366 |
||
| 245 |
_aBuilding Household Electricity Load Profile Using Machine Learning / _cArisha Saeed Akkas |
||
| 264 |
_aIslamabad : _bSEECS, NUST, _c2022. |
||
| 300 | _a79 p. ; | ||
| 650 |
_aMS-Computer Science _926780 |
||
| 700 |
_aSupervisor: Dr. Fahad Javed _997367 |
||
| 856 | _uhttp://10.250.8.41:8080/xmlui/handle/123456789/29976 | ||
| 942 |
_2ddc _cSC |
||
| 999 |
_c591034 _d591034 |
||